Nízke Tatry - západ ; Nízke Tatry - východ 1:75 000

Bibliographic Details
Corporate Author: Marta Vašková - BB-MAPY (Banská Bystrica, Slovensko) (Author)
Format: Map
Language:Slovak
Published: Banská Bystrica Mgr. Marta Vašková - BB-MAPY 2017
Edition:2. vydanie
Subjects:

MARC

LEADER 00000cem a2200000 4500
001 vtls011726316
003 SK-MaSNL
005 20260301141639.0
007 aj canzn
008 171208s2017 xo jmb a 0 slo
015 |a SNBC2019 
034 1 |a a  |b 75000 
040 |a SNK  |b slo  |c SNK  |e rda 
041 0 |a slo 
043 |a e-xo--- 
044 |a xo  |c SK 
072 7 |a 913(437)  |x Geografia Česka a Slovenska, reálie, cestovanie  |2 konspekt 
072 7 |a 912  |x Mapy. Atlasy  |2 konspekt 
080 |a 913(437.6-191.2)  |2 2011 
080 |a (084.3)796.61  |2 2011 
080 |a 796.51  |2 2011 
080 |a 796.61  |2 2011 
080 |a (234.372.4)  |2 2011 
080 |a (084.3)796.5  |2 2011 
110 2 |a Marta Vašková - BB-MAPY (Banská Bystrica, Slovensko)  |4 aut  |4 pbl  |9 338484 
245 1 0 |a Nízke Tatry - západ ; Nízke Tatry - východ  |h kartografický dokument  |b 1:75 000  |c Mgr. Marta Vašková - BB-MAPY 
250 |a 2. vydanie 
255 |a Mierka 1:75 000 
264 1 |a Banská Bystrica  |a Mgr. Marta Vašková - BB-MAPY  |c 2017 
300 |a 2 mapy na 1 liste  |b farebné  |c 43 x 55 cm a 43 x 55 cm, na liste 46 x 62 cm, zložené na 23 x 13 cm 
336 |a kartografický obraz  |b cri  |2 rdacontent 
337 |a bez media  |b n  |2 rdamedia 
338 |a list  |b nb  |2 rdacarrier 
500 |a Príloha denníka Pravda 
500 |a Kalendár september 2018 a október 2018 
650 0 7 |a pešia turistika  |2 SNKPH  |9 1059 
650 0 7 |a cykloturistika  |2 SNKPH  |9 3264 
651 7 |a Nízke Tatry (Slovensko : pohorie)  |2 SNKPH  |9 173011 
651 7 |a Ďumbierske Tatry (Nízke Tatry, Slovensko)  |2 SNKPH  |9 496023 
651 7 |a Kráľovohoľské Tatry (Nízke Tatry, Slovensko)  |2 SNKPH  |9 496024 
655 7 |a turistické mapy  |2 SNKPH  |9 70551 
655 7 |a cykloturistické mapy  |2 SNKPH  |9 70791 
740 0 2 |a Nízke Tatry - východ 
772 0 |t Pravda  |x 1335-4051 
852 |a Štátna vedecká knižnica v Banskej Bystrici 
999 |c 767821  |d 769751 
952 |a SNK  |b SNK  |y PREZ  |7 0  |p 17A1359567  |o snkSLCm 3448  |i snk2019/3918  |8 0  |0 0  |1 0  |4 0  |d 2019-02-12  |l 0  |r 2026-02-24 00:24:59  |w 2026-02-24 
952 |a SNK  |b SNK  |y VYP  |7 0  |p 17A1359568  |o snkSLCm 3448 D1  |i snk2019/3920  |8 0  |0 0  |1 0  |4 0  |d 2019-02-12  |l 0  |r 2026-02-24 00:24:59  |w 2026-02-24